Manual de practicas y tecnicas procesales / (Registro nro. 34188)

Detalles MARC
000 -LEADER
fixed length control field 01213nam a2200313 4500
001 - CONTROL NUMBER
control field 0000013731
003 - CONTROL NUMBER IDENTIFIER
control field CO-CtgCURN
005 - DATE AND TIME OF LATEST TRANSACTION
control field 20250429223959.0
007 - PHYSICAL DESCRIPTION FIXED FIELD--GENERAL INFORMATION
fixed length control field ta
008 - FIXED-LENGTH DATA ELEMENTS--GENERAL INFORMATION
fixed length control field 160627s1995 000 0 eng d
020 ## - INTERNATIONAL STANDARD BOOK NUMBER
International Standard Book Number 9508850132
040 ## - CATALOGING SOURCE
Original cataloging agency CO-CtgCURN
Language of cataloging spa
Transcribing agency coctgcurn
082 0# - DEWEY DECIMAL CLASSIFICATION NUMBER
Classification number 347.9
Item number H362m
100 1# - MAIN ENTRY--PERSONAL NAME
Personal name Hegland, Kenney F.
245 10 - TITLE STATEMENT
Title Manual de practicas y tecnicas procesales /
Statement of responsibility, etc. Kenney F. Hegland , traducción Anibal Leal.
260 ## - PUBLICATION, DISTRIBUTION, ETC.
Place of publication, distribution, etc. Buenos Aires :
Name of publisher, distributor, etc. Heliasta,
Date of publication, distribution, etc. 1995.
300 ## - PHYSICAL DESCRIPTION
Extent 254 p.
336 ## - CONTENT TYPE
Source rdacontent
337 ## - MEDIA TYPE
Source rdamedia
Media type term sin mediacion
Media type code n
338 ## - CARRIER TYPE
Source rdacarrier
Carrier type term volumen
Carrier type code nc
500 ## - GENERAL NOTE
General note Titulo original: Trial and practice skills in nutshell.
505 8# - FORMATTED CONTENTS NOTE
Formatted contents note Resolucion de problemas juridicos.--La argumentacion legal.--Los escritos judiciales.--Las tecnicas que se manifiestan en el litigio.--Metas y etica de las preguntas.--El alegato final.--Tecnicas para el trabajo en la oficina
650 14 - SUBJECT ADDED ENTRY--TOPICAL TERM
Topical term or geographic name entry element Procesos (Derecho)
700 1# - ADDED ENTRY--PERSONAL NAME
Personal name Leal, Anibal.
908 ## - PUT COMMAND PARAMETER (RLIN)
Put command parameter 160627
942 ## - ADDED ENTRY ELEMENTS (KOHA)
Koha item type Libros
Classification part 347.9
Item part H362m
Source of classification or shelving scheme Dewey Decimal Classification
Existencias
Withdrawn status Lost status Source of classification or shelving scheme Damaged status Not for loan Collection Home library Current library Shelving location Date acquired Inventory number Total checkouts Full call number Barcode Date last seen Copy number Price effective from Koha item type Public note
    Dewey Decimal Classification     General Miguel Henríquez Castañeda Miguel Henríquez Castañeda General 04/29/2025 005924   347.9 H362m 005924 04/29/2025 ej.1 04/29/2025 Libros 340-DEREC
    Dewey Decimal Classification     General Miguel Henríquez Castañeda Miguel Henríquez Castañeda General 04/29/2025 013658   347.9 H362m 013658 04/29/2025 ej.2 04/29/2025 Libros 340-DEREC